[Event "France op"]
[Site "France"]
[Date "1994.??.??"]
[Round "5"]
[White "Jeunesse, Guy"]
[Black "Cottalorda, H."]
[Result "1/2-1/2"]
[WhiteElo "1790"]
[BlackElo "1710"]
[PlyCount "70"]
[EventDate "1994.??.??"]
[EventType "swiss"]
[EventRounds "5"]
[EventCountry "FRA"]
[SourceTitle "EXT 1999"]
[Source "ChessBase"]
[SourceDate "1998.11.16"]
[SourceVersion "1"]
[SourceVersionDate "1998.11.16"]
[SourceQuality "1"]

1. c4 Nf6 2. Nc3 g6 3. g3 Bg7 4. Bg2 0-0 5. Nf3 d6 6. 0-0 Nbd7 7. Rb1 Rb8 8. b4 a6 9. a4 b6 10. b5 axb5 11. axb5 Bb7 12. d3 Ne8 13. Bb2 Nc5 14. d4 Nd7 15. e4 e5 16. dxe5 Nxe5 17. Nxe5 Bxe5 18. Qe2 Bg7 19. Nd5 Bxd5 20. exd5 Bxb2 21. Rxb2 Nf6 22. Ra2 Nd7 23. Rfa1 Nc5 24. Qc2 Qf6 25. Ra7 Rb7 26. R1a2 Qe5 27. Ra8 Qe1+ 28. Bf1 Rbb8 29. Rxb8 Rxb8 30. Ra3 Re8 31. h4 Qe4 32. Qd2 Qf5 33. Re3 Rxe3 34. Qxe3 Qe5 35. Qd2 Kg7 1/2-1/2